000 00444nam a2200157 i 4500
001 bgj
100 1 _aCASSON, Lionel
_d(1914- ).
245 1 0 _aClassical age /
_cedited with introductions and notes, by Lionel Casson.
260 _aNew York :
_bDell Publishing Co., Inc.,
_c1965.
300 _a640 pp ;
_c19 cm.
650 9 _aVoyages and travels
040 _cBPK
041 0 _aeng
942 _cKS
008 s uk f |000 0 eng
999 _c48715
_d48715
856 _uhttp://koha.tu.koszalin.pl/cgi-bin/koha/opac-detail.pl?biblionumber=48715
_yKatalog online BPK